000 00448nam a2200157Ia 4500
008 240729s9999 xx 000 0 und d
022 _a2772-3674
245 0 _aJournal of Public Health and Primary Care
260 _aIndia
260 _bWolters Kluwer Medknow Publications
650 _a Public aspects of medicine
650 _aMedicine
856 _uhttps://doaj.org/toc/a8b91d502eeb40b3b4663c84837dc13d
942 _2ddc
942 _cDOAJEJ
999 _c72265
_d72265
945 _a1
_bMadushi Gamage
_c1
_dMadushi Gamage